| 000 | 00803nam a22002057a 4500 | ||
|---|---|---|---|
| 999 |
_c15637 _d15637 |
||
| 003 | AR-CdUCM | ||
| 008 | 190429b ||||| |||| 00| 0 spa d | ||
| 040 |
_aMUNICIPALIDAD PROVINCIAL DEL CUSCO _cBIBLIOTECA MUNICIPAL DEL CUSCO |
||
| 082 |
_a985.74 / _bA82 |
||
| 100 |
_aAparicio Bueno, Fernando _934769 |
||
| 245 | _aEn busca del misterio de Paititi / | ||
| 260 |
_aCusco : _bAndina, _c1985. |
||
| 300 |
_a218 paginas ; _bIlustraciones , mapas, _c21 cm. |
||
| 505 | _aContenido : El paititi en la literatura -- Primera expedición -- Un ensueño se realiza -- La aventura comienza -- Hacia los objetivos -- Segunda expedición -- El rió mapacho... | ||
| 650 |
_aPaititi _912602 |
||
| 650 |
_aCusco _9772 |
||
| 650 |
_aPinturas rupestres _934770 |
||
| 942 |
_2ddc _cLIBROS |
||
| 945 |
_awnts _d2019-04-29 |
||